| 000 | 00486nam a22001697a 4500 | ||
|---|---|---|---|
| 003 | OSt | ||
| 005 | 20140310182330.0 | ||
| 008 | 130313t xxu||||| |||| 00| 0 eng d | ||
| 020 | _a0590414291 | ||
| 050 |
_aQB 521.5 _b.K78 1990 |
||
| 082 |
_aQB500.22. _bC64 1990 |
||
| 245 |
_aThe magic school bus, lost in the solar system _cJoanna Cole ; illustrated by Bruce Degen |
||
| 260 |
_a New York _bScholastic Inc. _c1990 |
||
| 300 |
_a40 p. _c 20 cm. |
||
| 942 |
_2lcc _cBK-GS |
||
| 999 |
_c11969 _d11969 |
||